00682nam a22001577a 4500041000800000082001600008100001600024245003700040260004000077300000800117520021800125650004600343942000700389952011100396999001700507 aENG a297.09bBRO aBrown Kerry aThe Essential Teachings of Islam aLondon bArrow Booksc1990, ©1987. a235 aThis text is concerned with the teachings of the Qur'an and the Hadith. Its purpose is to show how Islamic spiritual and religious precepts are relevant to all humanity and reflect Islam's place in world religion. aHadith -- Criticism, interpretation, etc. cBK 00104070aHMIbHMIcGENd2020-01-06eDilip Vasavanil0o297.09 BROp11004114r2026-01-16w2026-01-16yBK c22811d22811